000 00479nam a2200169Ia 4500
003 GCL
008 140319s9999 xx 000 0 eng d
040 _aGCL /
_cGCL
082 0 4 _aCC
_b932
_bM M
100 1 _aGAMAL MOKHTAR
245 1 0 _aMELANGES GAMAL EDDIN MOKHTAR /
_cGAMAL MOKHTAR
260 _a[S.N] :
_bINSSTITUT DE RECHERCHES ET D ETUDES ARAB ،
_c1985
650 0 4 _aANCIENT EGYPT - HISTORY
650 0 4 _aEGYPTOLOGY
650 0 4 _aEGYPT - CIVILIZATION
942 _2ddc
_cBK
999 _c14741
_d14741